000 03003nam a2200433 a 4500
003 CHAP
005 20241122091343.0
007 cr ||||||a|c|a
008 110113s2010 mx r 00010 spa d
035 _a111891
040 _cCHAP
090 _aTesis
100 1 _aGonzález García, Ivan.
_948929
245 1 0 _aParámetros de funcionamiento de sensores en sistemas fuel injection
_c/por Ivan González García; director Francisco Muñoz Gómez
264 1 _aChapingo, Méx. :
_bEl autor,
_c2010.
300 _a1 recurso en línea (132 páginas):
_bcuadros, figuras.
336 _2rdacontent
_atexto
_btxt
337 _2rdamedia
_acomputadora
_bc
338 _2rdacarrier
_arecursos en línea
_bcr
502 _bIMAg
_cMecánica
_d2010
_gLIC
520 _aSe realizaron pruebas de funcionamiento a sensores de sistemas “Fuel Injection” a vehículos de diferentes marcas. Primeramente se reunió información sobre los sistemas de inyección y el funcionamiento de los sensores, así como los valores de referencia dados por los fabricantes. Las pruebas se efectuaron en vehículos de las marcas más importantes en el mercado nacional como Chevrolet, Nissan y Ford, en modelos populares como Nissan Tsuru y Ford F150. Para la realización de las pruebas se utilizó el escáner Genisys SPX OTC, así como conectores correspondientes a cada vehículo. Se realizaron pruebas a sensores de temperatura, presión, posición angular entre otros, para esto, se efectuó la conexión entre el scanner y el vehículo. El vehículo fue puesto en ignición o en marcha, dependiendo del sensor a medir. Para algunos casos fue necesario modificar el régimen de funcionamiento. Se obtuvo la curva característica de los sensores medidos y en algunos casos el voltaje mínimo y máximo de salida. El voltaje de salida de la mayoría de los sensores se registró entre 0 y 5 V, sin embargo, en el sensor de posición de la mariposa de Crysler Voyager el valor máximo fue 3.55 V. Los sensores son fundamentales para el óptimo funcionamiento del sistema de inyección, por lo que resulta de suma importancia conocer su comportamiento y comparar sus valores de salida con los valores de referencia y así saber si funcionan de forma adecuada.
590 _aALEPH
_b10
_c20130110
590 _aBATCH-UPD
_b10
_c20130110
590 _aBATCH-UPD
_b10
_c20130410
590 _aBATCH-UPD
_b10
_c20130914
590 _aBATCH-UPD
_b10
_c20140324
590 _aBATCH-UPD
_b10
_c20141002
590 _aCONVERSION
_b10
_c20130109
650 1 4 _aMáquinas neumáticas.
_976291
650 1 4 _aSensores.
_9104426
700 1 _aMuñoz Gómez, Francisco
_979600
_eDirector de tesis
856 _uhttp://10.13.5.2/tesis/111891.pdf
_zDESCARGAR PDF
901 _aBK
942 _cTD
_2Clasificación Universidad Autónoma Chapingo
949 _bBC
_cCD
_d33724002227694
_eCD
_gDonaciØn
_h51796
_i111891
_sb
949 _bBC
_cCD
_d33724002227736
_eCD
_fc.2
_gDonaciØn
_h51797
_i111891
_sb
999 _c100232
_d100232